Οι κυνηγοί : σενάριο

Αποθηκεύτηκε σε:
Λεπτομέρειες βιβλιογραφικής εγγραφής
Κύριος συγγραφέας: Αγγελόπουλος, Θόδωρος Σ., 1936-2012
Μορφή: Βιβλίο
Γλώσσα:Greek
Δημοσίευση: Αθήνα : Θεμέλιο, 1977.
Θέματα:
Ετικέτες: Προσθήκη ετικέτας
Δεν υπάρχουν, Καταχωρήστε ετικέτα πρώτοι!

MARC

LEADER 00000cam a2200000 i 4500
001 1/75019
008 050411s1977####gr | ||| |||| ||gre||
035 |l 10077585 
040 |a GR-MyUA  |b gre  |e AACR2 
041 0 |a gre 
082 0 |a 889.234  |2 (21) 
082 0 |a 791.437   |2 (23) 
100 1 |a Αγγελόπουλος, Θόδωρος Σ.,   |d 1936-2012. 
245 1 3 |a Οι κυνηγοί :   |b σενάριο /   |c Θόδωρος Αγγελόπουλος.  
260 |a Αθήνα :   |b Θεμέλιο,   |c 1977.  
300 |a 86 σ. ;   |c 21 εκ.  
650 0 |a Motion picture plays. 
651 0 |a Greece  |x History  |y Occupation, 1941-1944  |x Drama. 
852 |a INST  |b LESVOS  |e 20170908  |h 791.437 ΑΓΓ  |p 005100059979  |q 005100059979  |t BK  |y 0 
852 |a INST  |b SAMOS  |e 20050411  |h 889.234 ΑΓΓ  |p 005300022961  |q 005300022961  |t BK  |y 0 
901 |a BIBL3-2005-1 
909 |a Σ  |b 113910 
970 |a ΜΑΛΑΓΑΡΗ  |b ΦΩΤΕΙΝΗ  |z 2005/04/11